000
00293nam a22001337a 4500
008
171005b xxu||||| |||| 00| 0 eng d
020
_a
9780205198603
041
_a
eng
080
_2
3RD
_a
519.9
100
_a
49
101
_a
PSI
245
_a
SOCIAL PSYCHOLOGY
_c
LESKO,W.A
942
_2
udc
_c
BK
999
_c
31935
_d
31935